00249nam a2200097Ia 4500008004100000082001400041100002200055245004100077260001800118600001500136241002s9999 xx 000 0 und d a172.1 RUS aRussell, Bertrand 0aHuman Society in Ethics and Politics aLondon:c1954 aPhilosophy